P:llä alkavat Suomen kunnat - Statistics

Yleistilastot
  • Tätä visaa on pelattu 6 163 kertaa
    3 611 viimeisimmän päivityksen jälkeen
  • Keskiarvotulos 20 / 34
Vastaustilastot
Maakunta Kunta % Oikein
Satakunta Pori
87%
Uusimaa Porvoo
82%
Lappi Pello
70%
Lappi Posio
70%
Pirkanmaa Parkano
68%
Pirkanmaa Pirkkala
68%
Kainuu Puolanka
65%
Uusimaa Pornainen
64%
Varsinais-Suomi Paimio
62%
Etelä-Karjala Parikkala
61%
Pohjois-Pohjanmaa Pyhäjärvi
61%
Varsinais-Suomi Parainen
60%
Kymenlaakso Pyhtää
60%
Kainuu Paltamo
59%
Etelä-Savo Pieksämäki
59%
Pohjois-Pohjanmaa Pudasjärvi
59%
Lappi Pelkosenniemi
58%
Keski-Suomi Pihtipudas
57%
Pohjois-Savo Pielavesi
55%
Pohjanmaa Pietarsaari
55%
Etelä-Savo Puumala
55%
Pohjois-Pohjanmaa Pyhäjoki
55%
Pirkanmaa Pälkäne
53%
Satakunta Pomarkku
52%
Pohjois-Pohjanmaa Pyhäntä
51%
Päijät-Häme Padasjoki
50%
Pohjois-Karjala Polvijärvi
48%
Uusimaa Pukkila
48%
Pirkanmaa Punkalaidun
47%
Keski-Suomi Petäjävesi
46%
Varsinais-Suomi Pöytyä
45%
Keski-Pohjanmaa Perho
43%
Pohjanmaa Pedersöre
42%
Varsinais-Suomi Pyhäranta
39%
Ehtoja vastaavia visoja ei löytynyt
Tulosjakauma
Jokaisen tuloksen saaneiden osuus
Persentiili vastausten määrän mukaan
Tuloshistoriasi
Et ole pelannut tätä visaa sen viimeisimmän päivityksen jälkeen